000
00301nam a2200109Ia 4500
008
240109s9999 xx 000 0 und d
041
_a
eng
100
_a
E.Jerome McCarthy
245
_a
Essentials of Marketing
260
_b
Richard D Irwin ,Homewood,Irvin Dersey Ltd.Ontario
650
_a
Management
999
_c
1020883
_d
1020883